Automating manufacturing systems with PLCs :(E-Book) (Record no. 196679)

000 -LEADER
fixed length control field 01944 a2200253 4500
003 - CONTROL NUMBER IDENTIFIER
control field Nust
005 - DATE AND TIME OF LATEST TRANSACTION
control field 20170207154319.0
020 ## - INTERNATIONAL STANDARD BOOK NUMBER
International Standard Book Number 978-0-557-34425-3
040 ## - CATALOGING SOURCE
Transcribing agency Nust
082 04 - DEWEY DECIMAL CLASSIFICATION NUMBER
Classification number 629.8
100 1# - MAIN ENTRY--PERSONAL NAME
Personal name Jack, Hugh
245 10 - TITLE STATEMENT
Title Automating manufacturing systems with PLCs :(E-Book)
Statement of responsibility, etc. Hugh Jack
250 ## - EDITION STATEMENT
Edition statement (Version 4.7, April 14, 2005)
260 ## - PUBLICATION, DISTRIBUTION, ETC.
Name of publisher, distributor, etc. Hugh Jack ,
Date of publication, distribution, etc. 1993-2005
300 ## - PHYSICAL DESCRIPTION
Extent 846p;
Other physical details ill.
505 ## - FORMATTED CONTENTS NOTE
Formatted contents note 2. PROGRAMMABLE LOGIC CONTROLLERS .1 3. PLC HARDWARE . . 3.1 4. LOGICAL SENSOR . 4.1 6. BOOLEAN LOGIC DESIGN . . 6.1 7. KARNAUGHMAPS . 7.1 8. PLC OPERATION . . . .8.1 9. LATCHES, TIMERS, COUNTERS AND MORE . 9.1 10. STRUCTURED LOGIC DESIGN . . . 10.1 10.8 ASSIGNMENT PROBLEMS 10.14 11. FLOWCHART BASED DESIGN . . 11.1 12. STATE BASED DESIGN . . . 12.1 13. NUMBERS AND DATA . . . 13.1 14. PLCMEMORY .. . . 14.1 15. LADDER LOGIC FUNCTIONS . . . 15.1 16. ADVANCED LADDER LOGIC FUNCTIONS . . . 16.1 16.1 INTRODUCTION 16.1 17. OPEN CONTROLLERS . . . 17.1 18. INSTRUCTION LIST PROGRAMMING . 18.1 19. STRUCTURED TEXT PROGRAMMING .. 19.1 20. SEQUENTIAL FUNCTION CHARTS .20.1 21. FUNCTION BLOCK PROGRAMMING . . . 21.1 22. ANALOG INPUTS AND OUTPUTS . 22.1 23. CONTINUOUS SENSORS . . . 23.1 24. CONTINUOUS ACTUATORS . . .24.1 25. CONTINUOUS CONTROL . 25.1 26. FUZZY LOGIC .. . . . . 26.1 27. SERIAL COMMUNICATION . . 27.1 28. NETWORKING . . . . . 28.1 29. INTERNET . .. . 29.1 30. HUMANMACHINE INTERFACES (HMI) . . . 30 31. ELECTRICAL DESIGN AND CONSTRUCTION . . 31.1 32. SOFTWARE ENGINEERING . . 32.1 33. SELECTING A PLC . . 33.1 34. FUNCTION REFERENCE . . . 34.1 35. COMBINED GLOSSARY OF TERMS . . . 35.1 36. PLC REFERENCES . .. . 36.1 37. GNU Free Documentation License . . 37.1
538 ## - SYSTEM DETAILS NOTE
System details note (E-Book)
650 #7 - SUBJECT ADDED ENTRY--TOPICAL TERM
Topical term or geographic name entry element Automatic control
650 #7 - SUBJECT ADDED ENTRY--TOPICAL TERM
Topical term or geographic name entry element Automation
650 #7 - SUBJECT ADDED ENTRY--TOPICAL TERM
Topical term or geographic name entry element Reglerteknik
650 #7 - SUBJECT ADDED ENTRY--TOPICAL TERM
Topical term or geographic name entry element Styrteknik
651 ## - SUBJECT ADDED ENTRY--GEOGRAPHIC NAME
Geographic name Automating manufacturing systems with PLCs :(E-Book)
856 4# - ELECTRONIC LOCATION AND ACCESS
Uniform Resource Identifier <a href="http://engineeronadisk.com">http://engineeronadisk.com</a>
942 ## - ADDED ENTRY ELEMENTS (KOHA)
Source of classification or shelving scheme
Koha item type Book
Holdings
Withdrawn status Lost status Source of classification or shelving scheme Damaged status Not for loan Collection code Permanent Location Current Location Date acquired Total Checkouts Full call number Barcode Date last seen Price effective from Koha item type
            Military College of Signals (MCS) Military College of Signals (MCS) 12/12/2016   629.8 JAC MCSEB-3037 12/08/2016 12/12/2016 Book
© 2023 Central Library, National University of Sciences and Technology. All Rights Reserved.